书目信息 |
| 题名: |
创业知识与技能
|
|
| 作者: | 蔡国英 主编 | |
| 分册: | ||
| 出版信息: | 银川 宁夏人民出版社 2009.05 |
|
| 页数: | 85页 | |
| 开本: | 21cm | |
| 丛书名: | 走进小康丛书 | |
| 单 册: | ||
| 中图分类: | S-49 | |
| 科图分类: | ||
| 主题词: | 农业技术--nong ye ji shu--基本知识 | |
| 电子资源: | ||
| ISBN: | 978-7-227-04066-8 | |
| 000 | 00895nam 2200277 450 | |
| 001 | 012010773765 | |
| 005 | 20100411194715.00 | |
| 010 | @a978-7-227-04066-8@dCNY7.20 | |
| 100 | @a20100318d2009 em y0chiy0120 ea | |
| 101 | 0 | @achi |
| 102 | @aCN@b630000 | |
| 105 | @ay z 000yy | |
| 106 | @ar | |
| 200 | 1 | @a创业知识与技能@Achuang ye zhi shi yu ji neng |
| 210 | @a银川@c宁夏人民出版社@d2009.05 | |
| 215 | @a85页@d21cm | |
| 225 | 2 | @a走进小康丛书@Azou jin xiao kang cong shu |
| 314 | @a书中责任者: 蔡国英主编 | |
| 330 | @a本书内容包括:种植技术,养殖技术,特种种植养殖技术,复种及套种技术,市场营销及策略,WTO对我国农业的影响。 | |
| 333 | @a本书适用于广大农民读者。 | |
| 410 | 0 | @12001 @a走进小康丛书 |
| 606 | 0 | @a农业技术@Anong ye ji shu@x基本知识 |
| 690 | @aS-49@v4 | |
| 701 | 0 | @a蔡国英@Acai guo ying@4主编 |
| 801 | 0 | @aCN@bQSSK@c20100411 |
| 905 | @b776924-26@dS-49@eC038@f3 | |
| 创业知识与技能.-银川:宁夏人民出版社,2009.05 |
| 85页;21cm.-(走进小康丛书) |
| 使用对象:本书适用于广大农民读者。 |
| ISBN 978-7-227-04066-8:CNY7.20 |
| 本书内容包括:种植技术,养殖技术,特种种植养殖技术,复种及套种技术,市场营销及策略,WTO对我国农业的影响。 |
| ● |
| 相关链接 |
|
|
|
正题名:创业知识与技能
索取号:S-49/C038
 
预约/预借
| 序号 | 登录号 | 条形码 | 馆藏地/架位号 | 状态 | 备注 |
| 1 | 776924 | 207769244 | 自科库401/401自科库 66排5列3层/ [索取号:S-49/C038] | 在馆 | |
| 2 | 776925 | 207769253 | 自科库401/401自科库 66排5列3层/ [索取号:S-49/C038] | 在馆 | |
| 3 | 776926 | 207769262 | 自科库401/401自科库 66排5列3层/ [索取号:S-49/C038] | 在馆 |